000 00483nam a22001817a 4500
003 CEME
005 20210628203346.0
008 210305b xxu||||| |||| 00| 0 eng d
020 _a0-333-26824-5
040 _c.
082 _a808.84 COX
100 _aCOX, C.B
_964961
245 _aConrad, heart of darkness, nostromo and under western eyes
260 _aNEW YORK
_bMACMILLAN
_c1988
300 _a223P
650 _aENGLISH LITERATURE-CRITICAL ESSAYS
_923462
942 _cBK
_2ddc
999 _c573304
_d573304